Missing Word: 'Black' Movies Quiz Stats

 Plays Quiz Updated Jan 25, 2018

Challenge
Share
Tweet
Embed
Score 0/18 Timer 04:00
0 Plays Today
Movie Title Missing Word % Correct
____ in BlackMen
96.8%
Black ____ DownHawk
96.1%
Creature from the Black ____Lagoon
89.6%
Meet ____ BlackJoe
88.3%
Black ____Swan
88.2%
Diary of a ____ Black WomanMad
69.7%
Little Black ____Book
64%
The ____ in BlackWoman
61.5%
Bad ____ at Black RockDay
60.7%
Movie Title Missing Word % Correct
Black ____ MoanSnake
48.2%
Black ____Sheep
45.1%
The Black ____Dahlia
30%
____ BlackPitch
28.5%
Black ____Mass
20%
White ____ Black HeartHunter
13.2%
Black ____Sunday
12%
The Black ____Hole
11.4%
Black ____Dynamite
5%

Today's Daily Dose

Word Ladder
Anchorman

Get the Picture
'Head' Bands

You're not logged in!

Compare scores with friends on all Sporcle quizzes.
OR
Log In

You Might Also Like...

Show Comments

Extras

Top Quizzes Today


Score Distribution

Your Account Isn't Verified!

In order to create a playlist on Sporcle, you need to verify the email address you used during registration. Go to your Sporcle Settings to finish the process.

Report this User

Report this user for behavior that violates our Community Guidelines.

Details: